000
00282nam a2200109Ia 4500
008
190911s9999||||xx |||||||||||||| ||und||
100
_a
Smyth, Collin
245
0
_a
Internet working designing the right Architecture
260
_a
New York
_b
Pearson
_c
1995
300
_a
473
942
_c
BK
999
_c
6665
_d
6665